Estadísticas para Ciudades de México sin Vocales

Haz click aquí para intentar la prueba.

Estadísticas generales

  • Esta prueba ha sido intentada 109 veces
    (92 desde el último reinicio)
  • La puntuación promedio es 13 de 15

Estadísticas de respuestas

PistaCiudad% Correcto
C__D_D D_ M_X_C_Ciudad de México
100%
G__D_L_J_R_Guadalajara
100%
L__NLeón
98%
M_NT_RR_YMonterrey
98%
T_J__N_Tijuana
98%
V_R_CR_ZVeracruz
98%
C_NC_NCancún
97%
CH_H__H__Chihuahua
97%
M_R_D_Mérida
90%
P__BL_ D_ Z_R_G_Z_Puebla de Zaragoza
87%
_G__SC_L__NT_SAguascalientes
85%
_C_T_P_C D_ M_R_L_SEcatepec de Morelos
68%
_C_P_LC_ D_ J__R_ZAcapulco de Juárez
66%
Z_P_P_NZapopan
63%
N_Z_H__LC_Y_TLNezahualcóyotl
50%

Distribución de puntuación

Porcentaje por número respondido

Porcentaje de gente con cada puntuación

Historial de tus puntuaciones

No has intentado esta prueba desde el último reinicio